000 01069nam a22002897a 4500
001 BR9506226
003 BR-BrBNA
005 20230928095449.0
007 ta
008 230509b bl.||||| |||| 00| 0 por d
040 _aBR-BrBNA
_bpor
_cBiblioteca Nacional de Agricultura
041 _a(Eng)
072 _aA01; P40
090 _ A01 BR9506226
100 1 _aRosenberg, N.J.
100 1 _aCrosson, P.R.
110 1 _aInternational Comission on Irrigation and Drainage, New Delhi (India)
_96608
111 1 _aConferencia Internacional sobre Impactos de Variacoes Climaticas e Desenvolvimento Sustentavel em Regioes Semi-Aridas
_cFortaleza, CE (Brazil)
_d27 Jan-01 Feb 1992
245 1 _aUnderstanding regional scale impacts of climate change and climate variability: application to a region in North America with climates ranging from semi-arid to humid
260 3 _aNew Delhi (India):
_c1992.
300 _a36 p.
650 _aClima
650 _aVariacao Climatica
650 _aAmerica do Norte
909 _a202309
_bLucia
_c55
_dLucia Elande
942 _cBK
999 _c56714
_d56714